<?xml version="1.0" encoding="UTF-8"?><?xml-stylesheet type="text/xsl" href="static/style.xsl"?><OAI-PMH xmlns="http://www.openarchives.org/OAI/2.0/" xmlns:xsi="http://www.w3.org/2001/XMLSchema-instance" xsi:schemaLocation="http://www.openarchives.org/OAI/2.0/ http://www.openarchives.org/OAI/2.0/OAI-PMH.xsd"><responseDate>2026-04-28T20:23:48Z</responseDate><request verb="GetRecord" identifier="oai:riubu.ubu.es:10259/11242" metadataPrefix="marc">https://riubu.ubu.es/oai/request</request><GetRecord><record><header><identifier>oai:riubu.ubu.es:10259/11242</identifier><datestamp>2026-01-20T01:05:41Z</datestamp><setSpec>com_10259_7384</setSpec><setSpec>com_10259_5086</setSpec><setSpec>com_10259_2604</setSpec><setSpec>col_10259_7385</setSpec></header><metadata><record xmlns="http://www.loc.gov/MARC21/slim" xmlns:doc="http://www.lyncode.com/xoai" xmlns:xsi="http://www.w3.org/2001/XMLSchema-instance" xmlns:dcterms="http://purl.org/dc/terms/" xsi:schemaLocation="http://www.loc.gov/MARC21/slim http://www.loc.gov/standards/marcxml/schema/MARC21slim.xsd">
<leader>00925njm 22002777a 4500</leader>
<datafield tag="042" ind1=" " ind2=" ">
<subfield code="a">dc</subfield>
</datafield>
<datafield tag="720" ind1=" " ind2=" ">
<subfield code="a">Quevedo Puente, Mª Esther</subfield>
<subfield code="e">author</subfield>
</datafield>
<datafield tag="720" ind1=" " ind2=" ">
<subfield code="a">Pérez Cornejo, Clara</subfield>
<subfield code="e">author</subfield>
</datafield>
<datafield tag="720" ind1=" " ind2=" ">
<subfield code="a">Castelo  Branco, Manuel</subfield>
<subfield code="e">author</subfield>
</datafield>
<datafield tag="260" ind1=" " ind2=" ">
<subfield code="c">2025-10</subfield>
</datafield>
<datafield tag="520" ind1=" " ind2=" ">
<subfield code="a">National corruption can affect the value of the signals that stakeholders use to build expectations about a firm's ability to meet their interests and can thus influence the process of corporate reputation building. Corporate social responsibility (CSR) performance is an important signal for stakeholders to build such expectations. Drawing on signaling and institutional theories, this study examines how national corruption moderates the relationship between CSR performance and corporate reputation based on the coexistence of institutional adaptation processes (institutional isomorphism) and differentiating strategies (signaling effect) across firms. Panel estimators were applied to a sample of 586 observations from 127 companies across eight European countries from 2011 to 2016. The results confirm that CSR performance affects corporate reputation and reveal that, in countries with higher levels of corruption, CSR has a greater effect on corporate reputation. These findings provide further evidence of the moderating effect of contextual factors on the process through which stakeholders build expectations about firms.</subfield>
</datafield>
<datafield tag="024" ind2=" " ind1="8">
<subfield code="a">1740-4754</subfield>
</datafield>
<datafield tag="024" ind2=" " ind1="8">
<subfield code="a">https://hdl.handle.net/10259/11242</subfield>
</datafield>
<datafield tag="024" ind2=" " ind1="8">
<subfield code="a">10.1111/emre.70028</subfield>
</datafield>
<datafield tag="024" ind2=" " ind1="8">
<subfield code="a">1740-4762</subfield>
</datafield>
<datafield ind1=" " ind2=" " tag="653">
<subfield code="a">Corporate reputation</subfield>
</datafield>
<datafield ind1=" " ind2=" " tag="653">
<subfield code="a">Corporate social responsibility</subfield>
</datafield>
<datafield ind1=" " ind2=" " tag="653">
<subfield code="a">National corruption</subfield>
</datafield>
<datafield tag="245" ind1="0" ind2="0">
<subfield code="a">The role of national corruption in the relationship between corporate social responsibility and corporate reputation: Evidence from Europe</subfield>
</datafield>
</record></metadata></record></GetRecord></OAI-PMH>